Biblioteca

Sing along books, il. : Frank Endersby (Registro nro. 47733)

Detalles MARC
000 -LÍDER
Campo fijo de descripción fija 004910000a22001570004500
001 - NÚMERO DE CONTROL
Campo de control 522
082 04 - NÚMERO DE CLASIFICACIÓN DECIMAL DEWEY
Número de clasificación B I P247s
110 1# - ASIENTO PRINCIPAL--NOMBRE CORPORATIVO
Nombre corporativo o de jurisdicción como elemento de entrada Parragon
245 10 - TÍTULO
Título del Material Sing along books, il. : Frank Endersby
260 ## - PUBLICACIÓN, DISTRIBUCIÓN, ETC. (PIE DE IMPRENTA)
Lugar de publicación, distribución, etc. Vietnam : Parragon
300 ## - DESCRIPCIÓN FÍSICA
Extensión [ 12 p. ]
500 ## - NOTA GENERAL
Nota General Texto pasta dura
505 00 - NOTA DE CONTENIDO
Nota de contenido con formato preestablecido Ejemplar N´1 Happy and you Know it ( Canciones) Ejemplar N´2 Wheels of the bus Ejemplar N´ 3 Ten Green bottles Ejemplar N´ 4 Five Little Ducks
650 14 - ASIENTO SECUNDARIO DE MATERIA - TERMINO TEMÁTICO
Término temático o nombre geográfico como elemento de entrada Literatura Infantil
942 ## - TIPO DE MATERIAL (KOHA)
Tipo de Item KOHA Z- Libro General BINCO
Existencias
Estado de Material Estado de Perdido Volumen-Parte/Tomo Estado de Dañado No para Préstamo Tomo Biblioteca de Origen Biblioteca Permanente Fecha de Adquisición Total de Préstamos Signatura Topográfica Código de Barras Última vez visto Ejemplar/Existencia Fecha de Remplazo Tipo de Material Total de Renovaciones Última vez Préstado
    1       Biblioteca Infantil Comunitaria BINCO Biblioteca Infantil Comunitaria BINCO 05/07/2006   B I P247s B31068 24/11/2016 2 26/01/2016 Z- Libro General BINCO    
    4       Biblioteca Infantil Comunitaria BINCO Biblioteca Infantil Comunitaria BINCO 24/03/2006   B I P247s B31071 24/11/2016 1 26/01/2016 Z- Libro General BINCO    
    3       Biblioteca Infantil Comunitaria BINCO Biblioteca Infantil Comunitaria BINCO 05/07/2006   B I P247s B31070 24/11/2016 4 26/01/2016 Z- Libro General BINCO    
    2       Biblioteca Infantil Comunitaria BINCO Biblioteca Infantil Comunitaria BINCO 05/07/2006 1 B I P247s B31069 24/11/2016 3 26/01/2016 Z- Libro General BINCO 1 19/10/2016

Biblioteca FUSBC | Teléfono: (57+4) 349 88 10 Ext. 141| WhatsApp (+57) 3005338115 
E-mail: biblioteca@unisbc.edu.co | Calle 76 87-14 Robledo Palenque, Medellín, Colombia

Con tecnología Koha